| 000 | 00336nam a2200097Ia 4500 | ||
|---|---|---|---|
| 008 | 180130s9999 xx 000 0 und d | ||
| 245 |
_cFogel, Alan _aHistorical reflections on infancy |
||
| 260 | _c2014 | ||
| 300 | _aBook title: Blackwell handbook of infant development--Acession number C19029; pages 5-34 | ||
| 650 | _aINFANTS--DEVELOPMENT | ||
| 999 |
_c354022 _d354022 |
||